Squid Game Characters by Screen Time - Statistics

General Stats
  • This quiz has been taken 692 times
  • The average score is 7 of 10
Answer Stats
Screen Time (mins) Character % Correct
287 Gi Hun
98%
147 Il Nam
88%
176 Sae Byeok
88%
189 Sang Woo
86%
127 Deok Su
77%
125 Ali
74%
142 Mi Nyeo
66%
113 Ji Yeong
48%
100 The Doctor
20%
119 The Pastor
16%
No matching quizzes found
Score Distribution
Percent of People with Each Score
Percentile by Number Answered
Your Score History
You have not taken this quiz